Prodigy Quiz #2 - Statistics

General Stats
  • This quiz has been taken 8 times
  • The average score is 6 of 12
Answer Stats
Hint Answer % Correct
What is the name for a word that is the same spelled forward and backwards? Pallindrome
100%
In the game Scrabble, how many points is the letter K? 5
88%
Sinhala and Tamil are the official languages for what island country? Sri Lanka
88%
Which planet's moons are nearly all named after Shakespearean characters? Uranus
88%
At what time does a "crepuscular" animal become active? Dusk
63%
What Greek mathematician was known as the father and founder of Geometry? Euclid
63%
What is the oldest continuously inhabited city in the world? Damascus, Syria
38%
Who was the first czar of Russia? Ivan IV (Ivan the Terrible)
38%
How fast (roughly) does the Earth spin? (mph) 1,000
25%
In the human body, the "hallux" is also known as what? The Big Toe
25%
What is a group of hippos called? A Bloat
13%
Who was the first explorer to reach the North Pole? Robert Peary
13%
No matching quizzes found
Score Distribution
Percent of People with Each Score
Percentile by Number Answered
Your Score History
You have not taken this quiz